Doplnkové dôchodkové poistenie

Definícia sociálneho zabezpečenia na Slovensku. Vplyv starnutia populácie na dôchodkové systémy. Hľadanie riešení solventnosti dôchodkových systémov. Charakteristické črty doplnkového dôchodkového poistenia. Základné výhody doplnkového dôchodkového poistenia v SR.

Salvato in:
Dettagli Bibliografici
Autore principale: Rievajová, Eva
Natura: Capitolo di libro
Lingua:slovacco
Soggetti:
Tags: Aggiungi Tag
Nessun Tag, puoi essere il primo ad aggiungerne!!

MARC

LEADER 00000naa a2200000 4500
001 r036239
005 20230911130747.2
041 0 |a slo 
044 |a SK 
245 1 0 |a Doplnkové dôchodkové poistenie  |c Eva Rievajová 
520 |a Definícia sociálneho zabezpečenia na Slovensku. Vplyv starnutia populácie na dôchodkové systémy. Hľadanie riešení solventnosti dôchodkových systémov. Charakteristické črty doplnkového dôchodkového poistenia. Základné výhody doplnkového dôchodkového poistenia v SR. 
610 2 0 |a zabezpečenie dôchodkové 
610 2 0 |a zabezpečenie sociálne 
610 2 0 |a poistenie dôchodkové doplnkové 
610 2 0 |a dávky sociálne 
610 2 0 |a poistenie sociálne 
610 2 0 |a Slovensko 
100 1 |a Rievajová, Eva